000 00303nam a2200121Ia 4500
008 230303s9999 xx 000 0 und d
041 _aeng
082 _a621.38132 GHO
100 _aKishore ( k. Lal )
245 _aElectronics Measurements and Instrumentation
260 _aND
_bpearson
365 _cRS
999 _c185743
_d185743